00668 2200265 4500001002100000005001500021035002000036007000300056008004100059020002200100082001400122084002100136100001800157245004500175260003900220300003100259500001100290650002100301504002500322990001100347990001100358990001100369990001100380990001100391INLIS00000000000560420200630111529 a0010-0320000172ta200630 g 0 ind  a978-602-8871-92-1 a001.642 5 a001.642 5 Set o0 aSETIARINI, W.1 aOptimalisasi WEB Browser /cW. Setiarini aJakarta :bRama Edukasitama,c2016 a54 hlm. :bilus. ;c25 cm. aIndeks 4aPROGRAM KOMPUTER aBibliografi : hlm.53 a7362 a a7362 b a7362 c a7362 d a7362 e